01227nam a2200193Ia 4500001001000000003001000010008004100020040002500061041001300086100002800099245012700127250001100254260006400265300002800329500026400357501011400621520026400735650003400999L235-7588IT-CnALBA170116s9999||||xx |||||||||||||| ||und|| aIT-CnALBAcIT-CnALBA aITALIANO aBELKESTER PADRE ERMANNO 0aDIZIONARIO MARIANO OSSIA 700 ESEMPI RIFLESSIONI SENTENZE RICAVATI DAI PIÙ CELEBRI AUTORI CHE SCRISSERO DI MARIA. VOL. I  a1a ed. aMILANObLEONI MICHELE - CASA EDITRICE c1908 [1° Ed.:1908] a192 p. (prefazione: 57) aINDICE ALFABETICO DEGLI AUTORI MARIANI. TRATTATO DI MARIA SS. DI S. AMBROGIO. AMORE DEL PROSSIMO. AMORE MATERNO. ANIMA. APOSTASIA. BAMBINI. BESTEMMIATORI. CALAMITA'. CASTITÀ. DIO È IN NOI. EUCARISTIA. FANCIULLI. FRATELLANZA GIUDICE. IMMAGINI. LOURDES. MOR aSocietà San Paolo EM - Piazza San Paolo, 14 - 12051 ALBA (CN) (non commercial uses only) ® Copyright 2017 aINDICE ALFABETICO DEGLI AUTORI MARIANI. TRATTATO DI MARIA SS. DI S. AMBROGIO. AMORE DEL PROSSIMO. AMORE MATERNO. ANIMA. APOSTASIA. BAMBINI. BESTEMMIATORI. CALAMITA'. CASTITÀ. DIO È IN NOI. EUCARISTIA. FANCIULLI. FRATELLANZA GIUDICE. IMMAGINI. LOURDES. MOR aMARIA SS. ANGELI SANTI DEMONI